000 00634nam a2200193Ia 4500
003 GCL
008 140319s9999 xx 000 0 ara d
040 _aGCL /
_cGCL
082 0 4 _a237
_bط ت
100 1 _aمحمود محمد شاكر
245 1 0 _aتهذيب الاثار: مسند عبد الله بن عباس /
_cمحمود محمد شاكر
700 1 _aالطبرى، ابوجعفر محمد بن جرير، 839-923 م
260 _a[S.N] :
_bمطبعة المدنى
300 _aمتعدد
490 _a
650 0 4 _aمسند عبد الله بن عباس
650 0 4 _aالحديث - اسناد
942 _2ddc
_cBK
999 _c37157
_d37157